00628cam a22002291 4500001001300000003000400013005001700017008004100034010001700075025001900092035002000111040001800131042001200149050001900161100002400180245007900204250001300283260003900296300002100335650002500356999001700381sa 65009964 DLC20260227112206.0861119s1964 ii 000 0 eng  asa 65009964  aPL480:I-E-4544 a(OCoLC)14766664 aDLCcWaUdDLC apremarc00aHD9066.I42bN31 aNair, P. K.,d1921-12aA plan for rice production in Kerala (1964-'65 to 1975-'76)cby P.K. Nair. a[1st ed. aTrichur,bV. Balakrishnan,c1964]. ax, 85 p.c22 cm. 0aRicezIndiazKerala. c66540d66540